La Passió d'Ió : instint i raó : tetralogia amfíbia : el joc etern : obertura del curs acadèmic 2007 - 2008 / Rafael Argullol instint i raó :
ISBN:
978-84-9803-380-9
Descripción Física:
55 p. ; 18 cm
Colección:
Lliçons magistrals
MARC
| LEADER | 00000nam a2200000Ia 4500 | ||
|---|---|---|---|
| 001 | 22660 | ||
| 008 | 160829s2010 xx 000 0 cat d | ||
| 020 | |a 978-84-9803-380-9 | ||
| 080 | |a L-2-115 | ||
| 100 | |a Argullol, Rafael |9 22244 | ||
| 245 | |a La Passió d'Ió : |b instint i raó : |b tetralogia amfíbia : |b el joc etern : |b obertura del curs acadèmic 2007 - 2008 / Rafael Argullol | ||
| 260 | |a Barcelona : |b Diputació de Barcelona, Institut del Teatre, |c 2010 | ||
| 300 | |a 55 p. ; |c 18 cm | ||
| 490 | |a Lliçons magistrals | ||
| 710 | 1 | |a Institut del Teatre (Barcelona, Catalunya) |9 52662 | |
| 710 | 1 | |a Barcelona (Catalunya : Província). |b Diputació |9 52408 | |
| 901 | |a Arxiu | ||
| 942 | |n 1 | ||
| 952 | |0 0 |1 0 |4 0 |6 L2115 |7 1 |9 52261 |a Arxiu |b Arxiu |d 2016-12-01 |l 0 |o L-2-115 |p 22660 |r 2016-12-01 00:00:00 |w 2016-12-01 |y ARXIU | ||
| 999 | |c 56109 |d 56109 | ||